000 00312nam a22001337a 4500
008 171027b xxu||||| |||| 00| 0 eng d
020 _a9780887303616
041 _aeng
080 _a336
100 _a55
101 _aMEN
245 _aEVALUATING BOND REFUNDING OPPORTUNITIES
_cFINNERTY,J,D
942 _2udc
_cBK
999 _c36066
_d36066